| 000 | 00506nam a22001577a 4500 | ||
|---|---|---|---|
| 003 | OSt | ||
| 005 | 20260430063109.0 | ||
| 008 | 260430b |||||||| |||| 00| 0 eng d | ||
| 040 |
_aDWCL GS lib _cOC |
||
| 082 | _aRes. 510 H6681 2006 | ||
| 245 |
_aLearning Math with Albert : _bLet's Spot the Position / |
||
| 260 |
_a[place of publication not identified] _b[name of publisher not identfied] _cc2006. |
||
| 300 |
_a19 pages: _billustrations _c45cm. |
||
| 546 | _aEnglish | ||
| 942 |
_2ddc _cBK-0 CIRC _hRes. _n0 |
||
| 999 |
_c10141 _d10141 |
||